000 00914nas a2200289 4500
001 BR0600184
003 BR-BrBNA
005 20231205105748.0
007 ta
008 230509b bl.|||p| |||| 00| 00por d
040 _aBR-BrBNA
_bpor
_cBiblioteca Nacional de Agricultura
041 _a(Pt)
072 _aF08
100 1 _aSantos, H.P. dos
100 1 _aFontaneli, R.S.
100 1 _aTomm, G.O.
100 1 _aManto, L.
245 1 _aConversão e balanço energético de culturas de inverno e verão em sistemas de produção mistos sob plantio direto
650 _aCULTURA DE INVERNO
650 _aCULTURA DE VERÃO
650 _aPLANTIO DIRETO
650 _aROTAÇÃO DE CULTURA
650 _aBALANÇO DE ENERGIA
773 0 _tPesquisa Agropecuária Gaúcha (Brazil)
_xISSN 0104-9070
_g(2005), v. 11(1-2) p. 39-46
_wBR0600184
909 _a202311
_bLúcia
_c55
_dLúcia Elande
942 _2AGRIS
_n0
_cANA
999 _c184545
_d184545